000 00944cam a22001934a 4500
005 20250605163936.0
008 250528s ||||||||||||||||||||||||d
035 _a14875
020 _a3222284
040 _aGR-AtMCL
_bgre
_dGR-AtMCL
_eAACR2
245 1 _aInvestigating the Media / Sociology in Action
260 _bCollins Educational,
_c1993
300 _a128
520 _aThis book includes: Recent Technological Developments, Social Implications, Images of Women, Media Representation of Ethnic Minorities, Advertising and Mass Culture. Introduction, Developments in the Media, Methods of Studying the Media, Bias in the Media, The Media and Mass Culture, Deviance and the Media, Advertising and the Media, Industry and Politics in the Media, Women and the Media, Racial Minorities and the Media, General Bibliography, Subject and Author Index.
700 1 _aTrowler Paul
_9660
942 _cBK
999 _c486
_d486